Click the World Cities on a Map - Hard Version - Statistics

General Stats
  • This quiz has been taken 177 times
  • The average score is 11 of 36
Answers on the Map
Answers color-coded by a green-red scale on the quiz's map according to % correct below.
 
Answer Stats
Answer % Correct
Ankara
47%
Kyiv
46%
Las Vegas
44%
Nashville
44%
Bergen
43%
Khartoum
42%
Brasilia
39%
Denver
38%
Fez
38%
Guadalajara
37%
Nuuk
35%
Santa Cruz de Tenerife
35%
Suva
34%
Luanda
33%
Nantes
33%
Port Moresby
33%
Lusaka
31%
Urumqi
31%
Yangon
31%
Adelaide
30%
Cebu
30%
Chengdu
30%
Kazan
30%
Astana
29%
Xiamen
29%
Cusco
28%
Manaus
28%
Winnipeg
27%
Jaipur
25%
Ibadan
24%
Wuhan
22%
Ushuaia
21%
Dammam
19%
Yellowknife
12%
Omsk
10%
Yakutsk
7%
No matching quizzes found
Score Distribution
Percent of People with Each Score
Percentile by Number Answered
Your Score History
You have not taken this quiz